000 00400nam a22001697a 4500
005 20160628142059.0
008 160628b xxu||||| |||| 00| 0 eng d
020 _a978-93-5014-065-9
041 _aeng
082 _b11215
100 _aUpadhyay, A.K.
_93059
245 _aStructural Mechanics
260 _bKatson Books
_c2012
300 _a344
650 _aDiploma Engineering
_9817
942 _cBK
999 _c4439
_d4438